Sports Quiz

Random Sports or Italian Quiz
Score 0/12 Timer 10:00
0 Plays Today
Goals Player % Correct
58Gianfranco Zola
97.5%
21Gianluca Vialli
66.6%
21Mario Balotelli
64.6%
67Paolo Di Canio
63.2%
25Fabrizio Ravanelli
51.9%
15Roberto Di Matteo
46.5%
23Graziano Pelle
30.5%
36Benito Carbone
28.4%
16Fabio Borini
25.6%
10Manolo Gabbiadini
19.3%
18Massimo Maccarone
14.7%
16Francesco Baiano
4.3%
Remove Ads.
Support Sporcle.
Get the best of Sporcle when you Go Orange. This ad-free experience offers more features, more stats, and more fun while also helping to support Sporcle. Thank you for becoming a member.

You're not logged in!

Compare scores with friends on all Sporcle quizzes.
OR
Log In

Show Comments

Extras

Top Quizzes Today


Score Distribution

Your Account Isn't Verified!

In order to create a playlist on Sporcle, you need to verify the email address you used during registration. Go to your Sporcle Settings to finish the process.

Report this User

Report this user for behavior that violates our Community Guidelines.

Details: